00669pam a2200181 a 4500020002000000041000800020082001300028100001800041245013700059250001300196260004600209300000900255653001700264700003500281930000900316999001700325952014500342 a9780443070785c aeng a576bGRE aGreenwood, D. aMedical Microbiology : A Guide to Microbial Infections : Pathogenesis, Immunity, Laboratory Diagnosis and ControlhTextual Documents a16th ed. aLondonbChurchill Livingstone Booksc2002 a709. aMicrobiology aSlack, R C B.aPeutherer, J F. a2678 c75959d75959 001040708ReferenceaPCPbPCPd2005-04-26eK. M. Varghese Companyg644.00l0o576 GREpPCP-BMT-854r2023-02-24 00:00:00t1w2023-02-24yBK